Real or Fictional Sorting Gallery Quiz Stats

Quiz Updated Feb 15, 2017

Challenge
Share
Tweet
Embed
Score 0/42 Timer 06:00
0 Plays Today
% Correct
King Henry VIII
96.8%
Diana, Princess of Wales
96.7%
Princess Fiona
95.4%
Gerald Ford
93.4%
King Tut
93.1%
Prince Humperdink
92%
Calvin Coolidge
92%
James Madison
91.6%
Prince Zuko
91.1%
King Babar
89.9%
Harry Houdini
89.4%
James K. Polk
88.7%
Rutherford B. Hayes
88.6%
Dr. Michaela Quinn
87.7%
David Copperfield
87.6%
Dr. Mark Sloan
86.3%
David Blaine
86.2%
Dr. Julius Hibbert
86%
Johnny Cash
85.6%
Dr. Ben Carson
85.1%
King Kamehameha
84.4%
% Correct
Anastasia Romanov
82.6%
Slash
81.6%
Snow White
79.9%
Dr. Joseph Lister
78.2%
Joey Tribbiani
76.6%
Grace Kelly
76.4%
Burt Wonderstone
75.1%
Criss Angel
75%
Francis Underwood
69.4%
Andy Griffith
67.8%
Jed Bartlet
65.3%
James Marshall
64.5%
Benjamin Asher
56.2%
Zatanna Zatara
48.4%
Hippocrates
44.3%
T'Challa
35.4%
Alfred Borden
35.1%
Robert Angier
33.8%
Russell Hammond
32.1%
Dave Kovic
29.8%
Guy Patterson
23%

You're not logged in!

Compare scores with friends on all Sporcle quizzes.
Sign Up with Email
OR
Log In

Show Comments

Extras

Top Quizzes Today


Score Distribution

Your Account Isn't Verified!

In order to create a playlist on Sporcle, you need to verify the email address you used during registration. Go to your Sporcle Settings to finish the process.